000 00299nam a22001217a 4500
008 180521b xxu||||| |||| 00| 0 eng d
041 _aeng
080 _a043.3
100 _a0
101 _aSHKI-BTH
245 _aSiguria e rrjetave në Biznese të vogla dhe të mesme
_cAsllani,A
942 _2udc
_cBK
999 _c46140
_d46140